000 01312nam a2200373 a 4500
001 ebr10300291
003 CaPaEBR
006 m u
007 cr cn|||||||||
008 090805s2007 ii s 000 1 eng d
020 _z9788189940584
040 _aCaPaEBR
_cCaPaEBR
035 _a(OCoLC)313470626
043 _ae-uk-en
050 1 4 _aPR4560
_b.A1 2007eb
100 1 _aDickens, Charles,
_d1812-1870.
245 1 0 _aGreat expectations
_h[electronic resource] /
_cCharles Dickens.
250 _a1st ed.
260 _aChandni Chowk, Delhi :
_bGlobal Media,
_c2007.
300 _a1 v. (unpaged)
500 _aCover title.
500 _a"Education for everyone."
533 _aElectronic reproduction.
_bPalo Alto, Calif. :
_cebrary,
_d2009.
_nAvailable via World Wide Web.
_nAccess may be limited to ebrary affiliated libraries.
650 0 _aMan-woman relationships
_vFiction.
650 0 _aEx-convicts
_vFiction.
650 0 _aBenefactors
_vFiction.
650 0 _aYoung men
_vFiction.
650 0 _aRevenge
_vFiction.
650 0 _aOrphans
_vFiction.
651 0 _aEngland
_vFiction.
655 7 _aElectronic books.
_2local
710 2 _aebrary, Inc.
856 4 0 _uhttp://site.ebrary.com/lib/rucke/Doc?id=10300291
_zAn electronic book accessible through the World Wide Web; click to view
999 _c65810
_d65810